UM Logo

Go beyond Taipei, PH tourists asked / (Record no. 18066)

MARC details
000 -LEADER
fixed length control field 00450nam a22001577a 4500
003 - CONTROL NUMBER IDENTIFIER
control field OSt
005 - DATE AND TIME OF LATEST TRANSACTION
control field 20230403170246.0
008 - FIXED-LENGTH DATA ELEMENTS--GENERAL INFORMATION
fixed length control field 230403b ||||| |||| 00| 0 eng d
040 ## - CATALOGING SOURCE
Transcribing agency 0
100 ## - MAIN ENTRY--PERSONAL NAME
Personal name Burgos, Nestor Jr. P.
9 (RLIN) 48354
245 ## - TITLE STATEMENT
Title Go beyond Taipei, PH tourists asked /
Statement of responsibility, etc. Nestor P. Burgos Jr.
260 ## - PUBLICATION, DISTRIBUTION, ETC. (IMPRINT)
Place of publication, distribution, etc. Philippines :
Name of publisher, distributor, etc. Philippine Daily Inquirer,
Date of publication, distribution, etc. August 16, 2019.
300 ## - PHYSICAL DESCRIPTION
Extent 2 pages.
650 ## - SUBJECT ADDED ENTRY--TOPICAL TERM
Topical term or geographic name as entry element Tourism.
9 (RLIN) 48355
942 ## - ADDED ENTRY ELEMENTS (KOHA)
Source of classification or shelving scheme Dewey Decimal Classification
Koha item type Periodicals
Holdings
Withdrawn status Lost status Source of classification or shelving scheme Damaged status Not for loan Collection code Home library Current library Date acquired Total Checkouts Date last seen Price effective from Koha item type Public note
    Dewey Decimal Classification     Periodicals UM Digos College - LIC UM Digos College - LIC 04/03/2023   04/03/2023 04/03/2023 Periodicals Newspaper clippings